Wplyw kapitalu zagranicznego na efektywnosc i rownowage w gospodarce polskiej w latach 1991-1995 (ujecie modelowe).

Rozbor predpokladaných budúcich udalostí a javov. Ich konštrukcia sa opiera o predpoklady, ktorých zdrojom sú jednak intuitívne predstavy a jednak sú porovnávacím bodom terajšieho stavu a budúcnosti poľskej republiky. Použitý model má dynamický charakter patriaci k modelom čiastočnej rovnováhy. Jeho...

Descrizione completa

Salvato in:
Dettagli Bibliografici
Autore principale: Barteczko, K.
Altri autori: Bocian, A.
Natura: Capitolo di libro
Lingua:polacco
Soggetti:
Tags: Aggiungi Tag
Nessun Tag, puoi essere il primo ad aggiungerne!!

MARC

LEADER 00000naa a2200000 4500
001 r007490
005 20220831090354.6
041 0 |a pol 
044 |a [CS] 
245 1 0 |a Wplyw kapitalu zagranicznego na efektywnosc i rownowage w gospodarce polskiej w latach 1991-1995 (ujecie modelowe).  |c K. Barteczko, A. Bocian 
520 |a Rozbor predpokladaných budúcich udalostí a javov. Ich konštrukcia sa opiera o predpoklady, ktorých zdrojom sú jednak intuitívne predstavy a jednak sú porovnávacím bodom terajšieho stavu a budúcnosti poľskej republiky. Použitý model má dynamický charakter patriaci k modelom čiastočnej rovnováhy. Jeho varianty a ich analýza. Závery. 
610 2 0 |a rovnováha hospodárska 
610 2 0 |a modely rovnováhy 
610 2 0 |a PR 
610 2 0 |a 1991-1995 
610 2 0 |a simulácia 
610 2 0 |a kapitál zahraničný 
100 1 |a Barteczko, K. 
700 1 |a Bocian, A.